American General Knowledge by Letter - A - Statistics

General Stats
  • This quiz has been taken 148 times
  • The average score is 13 of 19
Answer Stats
Hint Answer % Correct
The first state alphabetically Alabama
97%
Northernmost state known for its natural beauty Alaska
92%
Capital and largest city of Georgia Atlanta
91%
This state contains the Grand Canyon Arizona
89%
Major ocean bordering to the east Atlantic Ocean
89%
Prison located on an island in the San Francisco Bay Alcatraz
86%
The Gateway ______ located in St. Louis Arch
81%
The only state where you can mine for diamonds Arkansas
78%
Capital of New York Albany
77%
Largest city of the state above Anchorage
67%
Large mountain range that covers 13 states Appalachian Mountains
67%
City where popular TV show "Breaking Bad' takes place Albuquerque
65%
Coastal city in New Jersey known for casinos, nightlife, and its boardwalk Atlantic City
64%
Popular museum and Spanish fortress in San Antonio The Alamo
63%
City in southern California home to Disneyland Anaheim
62%
City home to the University of Michigan Ann Arbor
55%
City in Ohio known as the "Rubber Capital of the World" Akron
48%
Island chain with high volcanic activity of the state above Aleutian
42%
National park located in Maine Acadia
27%
No matching quizzes found
Score Distribution
Percent of People with Each Score
Percentile by Number Answered
Your Score History
You have not taken this quiz